000 00375nam a2200169Ia 4500
008 210210b1913 xxu||||| |||| 00| 0 eng d
041 _aeng
082 _a230/145
100 _aTOUR (J M)
245 _aSincere inquiry
260 _aHong Kong
_bNot Mentioned
_c1913
300 _a693
650 _aSincere
650 _ainquiry
690 _aReligion
906 _a001381
999 _c116523
_d116523